Psicoperspectivas : revista de la Escuela de Psicología /

Detalles Bibliográficos
Formato: Revista
Lenguaje:inglés
Acceso en línea:

MARC

LEADER 00000cas a2200000 a 4500
001 038136
003 UAHC_CL
005 20170803124217.0
008 081119b xx j 000 1 eng
022 |a 07177798 
040 |a UAHC_CL  |c UAHC_CL  |d UAHC_CL 
245 1 0 |a Psicoperspectivas :  |b revista de la Escuela de Psicología /  |c Pontificia Universidad Católica de Valparaíso. 
900 |a PSICOPERSPECTIVAS 
942 |c REV 
952 |0 0  |1 0  |4 0  |6 PSICOPERSPECTIVAS_VI_07_000000000000000  |7 0  |8 Referencia  |9 72569  |a BC  |b BC  |c Referencia  |d 2017-08-03  |l 0  |o PSICOPERSPECTIVAS-VI/07  |p 1366604  |r 2017-08-03 00:00:00  |t 1  |w 2017-08-03  |y REV 
999 |c 38136  |d 38136